[Event "SLO-chT Central 23rd"]
[Site "Slovenia"]
[Date "2022.10.27"]
[Round "6.4"]
[White "Cizman, Gregor"]
[Black "Saradjen, Darja"]
[Result "1/2-1/2"]
[WhiteElo "1521"]
[BlackElo "1739"]
[PlyCount "118"]
[EventDate "2022.09.15"]
[EventType "team-swiss"]
[EventRounds "9"]
[EventCountry "SLO"]
[SourceTitle "EXT 2024"]
[Source "ChessBase"]
[SourceDate "2023.10.10"]
[SourceVersion "1"]
[SourceVersionDate "2023.10.10"]
[SourceQuality "1"]
[WhiteTeam "Ljubljana Karel Jeraj"]
[BlackTeam "Menges Trzin II"]
[WhiteTeamCountry "SLO"]
[BlackTeamCountry "SLO"]

1. d4 d5 2. Nf3 Nf6 3. Bf4 e6 4. c3 Be7 5. e3 Nbd7 6. Nbd2 0-0 7. h3 a6 8. Bd3 Re8 9. 0-0 h6 10. Re1 c5 11. Qa4 c4 12. Bb1 Nf8 13. Qd1 b5 14. a3 Bb7 15. Ne5 Ne4 16. f3 Nf6 17. e4 Nh5 18. Bh2 Bh4 19. Rf1 Ng3 20. Bxg3 Bxg3 21. f4 f6 22. Ng4 h5 23. Ne3 g6 24. e5 f5 25. Rf3 Bh4 26. Bc2 a5 27. g3 Be7 28. Qe2 b4 29. Ba4 Nd7 30. Rff1 Kg7 31. Nf3 Rh8 32. h4 b3 33. Bxd7 Qxd7 34. Ng5 Bc8 35. Qg2 Ra6 36. Rfe1 Qe8 37. Qe2 Bxg5 38. fxg5 Rf8 39. Ng2 Ra7 40. Nf4 a4 41. Rf1 Raf7 42. Rf2 Rh8 43. Raf1 Bd7 44. Re1 Bc6 45. Qf3 Qd7 46. Rfe2 Re7 47. Ng2 Rf8 48. Qf4 Ref7 49. Kf2 Qc8 50. Ke3 Qd7 51. Kd2 Rh8 52. Rf1 Rhf8 53. Ref2 Rh8 54. Qe3 Qc8 55. Nf4 Bd7 56. Re1 Re7 57. Qf3 Qc6 58. Ref1 Qb5 59. Qg2 Ree8 1/2-1/2

[Event "Ljubljana-chT 73rd"]
[Site "Ljubljana"]
[Date "2020.03.05"]
[Round "6.3"]
[White "Sokac, Stefan"]
[Black "Saradjen, Darja"]
[Result "0-1"]
[WhiteElo "1611"]
[BlackElo "1739"]
[PlyCount "100"]
[EventDate "2020.01.16"]
[EventType "team-swiss"]
[EventRounds "6"]
[EventCountry "SLO"]
[SourceTitle "EXT 2024"]
[Source "ChessBase"]
[SourceDate "2023.10.10"]
[SourceVersion "1"]
[SourceVersionDate "2023.10.10"]
[SourceQuality "1"]
[WhiteTeam "Zelenci LPP"]
[BlackTeam "Menges Trzin III"]
[WhiteTeamCountry "SLO"]
[BlackTeamCountry "SLO"]

1. e4 e5 2. Bc4 d6 3. c3 Nf6 4. d3 h6 5. Nf3 Be7 6. h3 c6 7. 0-0 0-0 8. Re1 Nbd7 9. Nbd2 Re8 10. a4 Nf8 11. a5 Be6 12. Qb3 Rb8 13. Bxe6 Nxe6 14. Nf1 b6 15. axb6 axb6 16. Ng3 Bf8 17. Be3 Nc5 18. Qc2 Ne6 19. d4 Nc7 20. dxe5 dxe5 21. Red1 Qc8 22. Nf5 Qe6 23. c4 c5 24. Ra7 Qc6 25. Ng3 Ra8 26. Rda1 Bd6 27. Nd2 Rxa7 28. Rxa7 Ra8 29. Rxa8+ Qxa8 30. Nf5 Bf8 31. b3 Ne6 32. Qd3 Nd4 33. Bxd4 cxd4 34. f3 Nd7 35. Qb1 Qa5 36. Qd1 Nc5 37. Ng3 Qc3 38. Ngf1 Ne6 39. g3 Bc5 40. Kg2 d3 41. h4 Qc2 42. Qe1 Bb4 43. Qe3 Nd4 44. Kh3 Bc5 45. Qe1 Nxb3 46. Nxb3 Qxb3 47. Nd2 Qc3 48. Qd1 Bb4 49. Qa4 Qxd2 50. Qe8+ Bf8 0-1

[Event "Ljubljana-chT 73rd"]
[Site "Ljubljana"]
[Date "2020.02.06"]
[Round "3.4"]
[White "Saradjen, Darja"]
[Black "Lipovsek, Pavel"]
[Result "1-0"]
[WhiteElo "1739"]
[BlackElo "1500"]
[PlyCount "73"]
[EventDate "2020.01.16"]
[EventType "team-swiss"]
[EventRounds "6"]
[EventCountry "SLO"]
[SourceTitle "EXT 2024"]
[Source "ChessBase"]
[SourceDate "2023.10.10"]
[SourceVersion "1"]
[SourceVersionDate "2023.10.10"]
[SourceQuality "1"]
[WhiteTeam "Menges Trzin III"]
[BlackTeam "Ljubljana SK"]
[WhiteTeamCountry "SLO"]
[BlackTeamCountry "SLO"]

1. e4 c5 2. Nf3 Nc6 3. c3 d6 4. h3 Nf6 5. d3 e5 6. Be2 b6 7. Be3 Bb7 8. 0-0 Be7 9. Re1 Qd7 10. Nbd2 h6 11. Nf1 a6 12. Ng3 g6 13. a3 Qe6 14. b4 d5 15. Qc1 dxe4 16. dxe4 h5 17. Ng5 Qd6 18. Bc4 Rf8 19. bxc5 bxc5 20. Qb1 Na5 21. Qa2 Nxc4 22. Qxc4 h4 23. Nf1 Qc6 24. Nd2 Nh5 25. Ngf3 f6 26. Nxh4 g5 27. Nf5 Rd8 28. Nxe7 Kxe7 29. Bxc5+ Ke8 30. Bxf8 Rxd2 31. Qb4 Qd7 32. Bh6 Kf7 33. Rab1 Bc6 34. h4 Kg6 35. hxg5 Nf4 36. Qf8 Qg4 37. Qxf6+ 1-0

[Event "SLO-chT1 (Women)"]
[Site "Otocec"]
[Date "2006.11.05"]
[Round "5"]
[White "Novak, Ksenija"]
[Black "Saradjen, Darja"]
[Result "1-0"]
[WhiteElo "2169"]
[BlackElo "1500"]
[PlyCount "51"]
[EventDate "2006.11.02"]
[EventType "team"]
[EventRounds "9"]
[EventCountry "SLO"]
[SourceTitle "EXT 2008"]
[Source "ChessBase"]
[SourceDate "2007.11.25"]
[SourceVersion "1"]
[SourceVersionDate "2007.11.25"]
[SourceQuality "1"]

1. e4 e5 2. Nf3 d6 3. d4 Bg4 4. dxe5 Bxf3 5. gxf3 dxe5 6. Qxd8+ Kxd8 7. Bc4 Ke8 8. Nc3 a6 9. f4 Bd6 10. Nd5 Ne7 11. fxe5 Bxe5 12. f4 Nxd5 13. Bxd5 c6 14. fxe5 cxd5 15. exd5 Nd7 16. Bf4 b5 17. 0-0-0 Nc5 18. Rhe1 Ke7 19. Bg5+ Ke8 20. e6 h6 21. Bh4 g5 22. Bf2 Nb7 23. d6 fxe6 24. Rxe6+ Kd7 25. Re7+ Kc6 26. Rc7# 1-0

[Event "SLO-chT1 (Women)"]
[Site "Otocec"]
[Date "2006.11.04"]
[Round "4"]
[White "Urbanc, Suzana"]
[Black "Saradjen, Darja"]
[Result "0-1"]
[WhiteElo "1732"]
[BlackElo "1500"]
[PlyCount "78"]
[EventDate "2006.11.02"]
[EventType "team"]
[EventRounds "9"]
[EventCountry "SLO"]
[SourceTitle "EXT 2008"]
[Source "ChessBase"]
[SourceDate "2007.11.25"]
[SourceVersion "1"]
[SourceVersionDate "2007.11.25"]
[SourceQuality "1"]

1. e4 e5 2. f4 d6 3. Bc4 Nf6 4. Nc3 c6 5. Nf3 Nxe4 6. Bxf7+ Kxf7 7. Nxe4 Nd7 8. 0-0 Ke8 9. fxe5 Nxe5 10. Nxe5 dxe5 11. Qh5+ Kd7 12. Qxe5 b5 13. Rf7+ Be7 14. Rxg7 Ke8 15. Nf6+ Kf8 16. Nxh7+ Ke8 17. d3 Bf5 18. Qxf5 Qd4+ 19. Be3 Qxg7 20. Bg5 Rxh7 21. Re1 Qd4+ 22. Be3 Qh4 23. Bf2 Qxh2+ 24. Kf1 Qh1+ 25. Ke2 Qh5+ 26. Qxh5+ Rxh5 27. Kf3 Kd7 28. g4 Rf8+ 29. Kg2 Rg5 30. Re4 Rfg8 31. Kh3 R5g6 32. a3 a6 33. b4 Re6 34. Rd4+ Bd6 35. c4 Ke7 36. c5 Be5 37. Bh4+ Bf6 38. Bxf6+ Rxf6 39. Kh4 Rf1 0-1